| 000 | 00907nam a2200265 i 4500 | ||
|---|---|---|---|
| 001 | bg | ||
| 245 | 0 | 0 |
_aMetrologia elektryczna : _bćwiczenia laboratoryjne : praca zbiorowa.Cz. / _cpod red. Zygmunta Biernackiego ; Politechnika Częstochowska _n1. |
| 260 |
_aCzęstochowa : _bWydaw. PC, _c2000. |
||
| 300 |
_a184, [1] s. : _bil. ; _c24 cm. |
||
| 490 | 1 |
_aSkrypty Politechniki Częstochowskiej, _x1234-9909 ; _v35 |
|
| 504 | _aBibliogr. | ||
| 650 | 9 |
_aElektrotechnika _xpomiary |
|
| 655 | _aPodręczniki akademickie | ||
| 700 | 1 |
_aBIERNACKI, Zygmunt. _eRed. |
|
| 830 |
_aSkrypty Politechniki Częstochowskiej, _x1234-9909 ; |
||
| 020 | _a8371930933 (cz. 1) | ||
| 020 | _a8371930925 (całość) | ||
| 040 | _cBPK | ||
| 041 | 0 | _apl | |
| 080 | _a621.317(075.8) | ||
| 920 | _a83-7193-093-3 (cz. 1) | ||
| 920 | _a83-7193-092-5 (całość) | ||
| 942 | _cKS | ||
| 008 | s pl f |000 0 pol | ||
| 999 |
_c38376 _d38376 |
||
| 856 |
_uhttp://koha.tu.koszalin.pl/cgi-bin/koha/opac-detail.pl?biblionumber=38376 _yKatalog online BPK |
||